000 00320 a2200121 4500
003 Nust
005 20170207154601.0
040 _cNust
082 _a025.34
245 _aGoing to work in english : Units : 7-10, side 1: units: 10-12, side 2
505 _aAlmirah No.73 shelf No.6
650 _aEnglish learning
651 _aGoing to work in english
999 _c198608
_d198608